<?xml version="1.0" encoding="UTF-8"?>
<record
    xmlns:xsi="http://www.w3.org/2001/XMLSchema-instance"
    xsi:schemaLocation="http://www.loc.gov/MARC21/slim http://www.loc.gov/standards/marcxml/schema/MARC21slim.xsd"
    xmlns="http://www.loc.gov/MARC21/slim">

  <leader>01410nam0a2200337 i 4500</leader>
  <controlfield tag="001">RU\NLR\BIBL_A\011215612</controlfield>
  <controlfield tag="005">20241118040805.0</controlfield>
  <datafield tag="010" ind1=" " ind2=" ">
    <subfield code="a">978-5-298-03174-5</subfield>
    <subfield code="9">2500</subfield>
  </datafield>
  <datafield tag="021" ind1=" " ind2=" ">
    <subfield code="a">RU</subfield>
    <subfield code="b">2016-67648</subfield>
    <subfield code="9">4345</subfield>
  </datafield>
  <datafield tag="035" ind1=" " ind2=" ">
    <subfield code="a">(NLR Aleph) 011215612</subfield>
  </datafield>
  <datafield tag="090" ind1=" " ind2=" ">
    <subfield code="a">11995096</subfield>
    <subfield code="c">11995096</subfield>
  </datafield>
  <datafield tag="100" ind1=" " ind2=" ">
    <subfield code="a">20160919d2016    u  y0rusy50      ca</subfield>
  </datafield>
  <datafield tag="101" ind1="1" ind2=" ">
    <subfield code="a">rus</subfield>
    <subfield code="a">tuk</subfield>
    <subfield code="a">tat</subfield>
    <subfield code="c">tuk</subfield>
  </datafield>
  <datafield tag="102" ind1=" " ind2=" ">
    <subfield code="a">RU</subfield>
  </datafield>
  <datafield tag="105" ind1=" " ind2=" ">
    <subfield code="a">a|||z|||000ay</subfield>
  </datafield>
  <datafield tag="200" ind1="1" ind2=" ">
    <subfield code="a">&#x410;&#x43A;-&#x41F;&#x430;&#x43C;&#x44B;&#x43A;</subfield>
    <subfield code="d">&#x410;&#x43A;&#x43C;&#x430;&#x43C;&#x44B;&#x43A;</subfield>
    <subfield code="e">&#x442;&#x443;&#x440;&#x43A;&#x43C;&#x435;&#x43D;&#x441;&#x43A;&#x430;&#x44F; &#x43D;&#x430;&#x440;&#x43E;&#x434;&#x43D;&#x430;&#x44F; &#x441;&#x43A;&#x430;&#x437;&#x43A;&#x430;</subfield>
    <subfield code="e">[&#x434;&#x43B;&#x44F; &#x434;&#x435;&#x442;&#x435;&#x439; &#x441;&#x440;&#x435;&#x434;&#x43D;&#x435;&#x433;&#x43E; &#x438; &#x441;&#x442;&#x430;&#x440;&#x448;&#x435;&#x433;&#x43E; &#x448;&#x43A;&#x43E;&#x43B;&#x44C;&#x43D;&#x43E;&#x433;&#x43E; &#x432;&#x43E;&#x437;&#x440;&#x430;&#x441;&#x442;&#x430;</subfield>
    <subfield code="f">&#x43F;&#x435;&#x440;. &#x441; &#x442;&#x443;&#x440;&#x43A;&#x43C;. &#x410;&#x439;&#x441;&#x44B;&#x43B;&#x443; &#x413;&#x430;&#x43B;&#x438;&#x435;&#x432;&#x43E;&#x439;</subfield>
    <subfield code="g">&#x43F;&#x435;&#x440;. &#x441; &#x442;&#x430;&#x442;. &#x42D;&#x43D;&#x436;&#x435; &#x425;&#x443;&#x441;&#x43D;&#x443;&#x442;&#x434;&#x438;&#x43D;&#x43E;&#x432;&#x43E;&#x439;</subfield>
    <subfield code="g">&#x445;&#x443;&#x434;&#x43E;&#x436;.: &#x421;&#x432;&#x435;&#x442;&#x43B;&#x430;&#x43D;&#x430; &#x418;&#x431;&#x440;&#x430;&#x433;&#x438;&#x43C;&#x43E;&#x432;&#x430;]</subfield>
    <subfield code="z">tat</subfield>
  </datafield>
  <datafield tag="210" ind1=" " ind2=" ">
    <subfield code="a">&#x41A;&#x430;&#x437;&#x430;&#x43D;&#x44C;</subfield>
    <subfield code="c">&#x422;&#x430;&#x442;&#x430;&#x440;&#x441;&#x43A;&#x43E;&#x435; &#x43A;&#x43D;&#x438;&#x436;&#x43D;&#x43E;&#x435; &#x438;&#x437;&#x434;&#x430;&#x442;&#x435;&#x43B;&#x44C;&#x441;&#x442;&#x432;&#x43E;</subfield>
    <subfield code="d">2016</subfield>
  </datafield>
  <datafield tag="215" ind1=" " ind2=" ">
    <subfield code="a">37, [1] &#x441;.</subfield>
    <subfield code="c">&#x446;&#x432;. &#x438;&#x43B;.</subfield>
    <subfield code="d">24</subfield>
  </datafield>
  <datafield tag="300" ind1=" " ind2=" ">
    <subfield code="a">&#x422;&#x435;&#x43A;&#x441;&#x442; &#x43F;&#x430;&#x440;&#x430;&#x43B;. &#x43D;&#x430; &#x440;&#x443;&#x441;. &#x438; &#x442;&#x430;&#x442;. &#x44F;&#x437;.</subfield>
  </datafield>
  <datafield tag="333" ind1=" " ind2=" ">
    <subfield code="a">12+</subfield>
  </datafield>
  <datafield tag="510" ind1="1" ind2=" ">
    <subfield code="a">&#x410;&#x43A;&#x43C;&#x430;&#x43C;&#x44B;&#x43A;</subfield>
    <subfield code="z">tat</subfield>
  </datafield>
  <datafield tag="686" ind1="0" ind2=" ">
    <subfield code="a">&#x428;9(2)3=&#x422;&#x443;&#x440;-2</subfield>
  </datafield>
  <datafield tag="702" ind1=" " ind2="1">
    <subfield code="a">&#x418;&#x431;&#x440;&#x430;&#x433;&#x438;&#x43C;&#x43E;&#x432;&#x430;</subfield>
    <subfield code="b">&#x421;.</subfield>
    <subfield code="g">&#x421;&#x432;&#x435;&#x442;&#x43B;&#x430;&#x43D;&#x430;</subfield>
    <subfield code="4">040</subfield>
  </datafield>
  <datafield tag="852" ind1=" " ind2=" ">
    <subfield code="a">NLR</subfield>
    <subfield code="b">&#x41E;&#x41D;&#x41B;</subfield>
    <subfield code="j">&#x422;&#x430;&#x442;&#x430;&#x440;./3-14886</subfield>
  </datafield>
  <datafield tag="942" ind1=" " ind2=" ">
    <subfield code="c">BOOK</subfield>
  </datafield>
  <datafield tag="980" ind1=" " ind2=" ">
    <subfield code="a">NBR</subfield>
  </datafield>
</record>
